000 00370nam a2200145 i 4500
001 bg
100 1 _aVOELLNAGEL, Andrzej
245 0 _aJak nie tłumaczyć tekstów technicznych /
_cAndrzej Voellnagel.
250 _aWyd. 3 popr. i rozsz.
260 _aWarszawa,
_c1985.
040 _cBPK
041 _apol
942 _cKS
008 s pl f |000 0 pol
999 _c28127
_d28127
856 _uhttp://koha.tu.koszalin.pl/cgi-bin/koha/opac-detail.pl?biblionumber=28127
_yKatalog online BPK